Evaluating Recommender Systems for Digital Library Datasets

Enregistré dans:
Détails bibliographiques
Auteur principal: Lévárdy, Ákos (Auteur)
Autres auteurs: Baťalík, Pavol (Directeur de thèse)
Format: Manuscrit Livre
Langue:slovaque
anglais
Publié: 2025
Sujets:
Accès en ligne:http://is.stuba.sk/zp/portal_zp.pl?podrobnosti=175930
Tags: Ajouter un tag
Pas de tags, Soyez le premier à ajouter un tag!

MARC

LEADER 00000ntm a22000003a 4500
001 stuzp102812
003 SK-STU
005 20250614211441.1
007 ta
008 150427s2015----xo-----f-mn---000-0-slo-d
040 |a STU  |b slo 
041 0 |a eng 
100 1 |a Lévárdy, Ákos  |u 070200  |4 aut  |U FIIT Fakulta informatiky a informačných technológií  |T FIIT Ústav informatiky, informačných systémov a softvérového inžinierstva  |X 121314  |U I200  |Y 179  |7 121314 
242 0 1 |a Vyhodnocovanie odporúčacı́ch systémov pre datasety digitálnych knižnı́c  |y slo 
245 1 0 |a Evaluating Recommender Systems for Digital Library Datasets 
260 |c 2025 
650 4 |a Digital libraries  |2 eng 
650 4 |a Recommender systems  |2 eng 
650 4 |a Content based filtering  |2 eng 
650 4 |a Digitálne knižnice  |2 slo 
650 4 |a Filtrovanie založené na obsahu  |2 slo 
650 4 |a Odporúčacie systémy  |2 slo 
700 1 |a Baťalík, Pavol  |u 070680  |k Z7  |4 ths  |U FIIT Fakulta informatiky a informačných technológií  |T FIIT Slovenská informačná knižnica  |X 110283  |U 070680  |Y 273  |7 110283 
856 4 |u http://is.stuba.sk/zp/portal_zp.pl?podrobnosti=175930